000 00554nam a22001817a 4500
005 20251108173442.0
008 250721s1995 xx 000 0 ara d
082 1 4 _a796.81/عثم
100 1 _aأبو عثمان، أحمد
245 1 0 _aالتايكواندو والفلسفة القتالية /
250 _aط 2.
264 1 _aعمان :
_bمكتبة برهومة للنشر والتوزيع،
_c1995.
300 _a109ص.
650 1 7 _aألعاب المبارزة
653 _aالتايكواندو
942 _2ddc
_cBK
999 _c104237
_d104237